000 00480nam a2200169Ia 4500
999 _c37216
_d37216
003 OSt
005 20191226120302.0
008 190216s9999||||xx |||||||||||||| ||und||
020 _a8170142768
040 _coclc
082 _a519.5
_bSAN/S
100 _aSancheti, D C
_9784
245 0 _aStatistics /
_c D C Sancheti ; V K Kapoor
260 _bSulthan Chand&Sons,
_c1991.
_aNew Delhi:
300 _a2330p
942 _cBK
_2ddc
_h519.5
_iSAN/S
_k519.5
_mSAN/S